000 00531nam a22001937a 4500
003 OSt
005 20140310182353.0
008 131001t xxu||||| |||| 00| 0 eng d
020 _a0916291499
050 _aPZ 7
_b.Es7456 1994
082 _aGS 823
_bEs1p 1987
100 _aEscudie, Rene
_922250
245 _aPaul and Sebastian /
_cRene Escudie.
260 _aNew York :
_bKane/ Miller Book Publishers,
_c1994.
300 _a29 p. :
_bcol. ill. ;
_c25 cm.
650 _aFiction.
_9746
942 _2lcc
_cBK-GS
999 _c12417
_d12417